00234nam a22000737a 4500008004100000082001100041245009100052300001700143230726b |||||||| |||| 00| 0 eng d a333.95 aTrainer Manual: Track 3, Course 1-3bSchool-based prevention intervention and policies a95 p.c28 cm